Solucionario problemas de estática
Збережено в:
| Автор: | |
|---|---|
| Інші автори: | |
| Формат: | Книга |
| Мова: | Іспанська |
| Опубліковано: |
Valparaíso
Universidad Católica de Valparaíso
1989
|
| Предмети: | |
| Теги: |
Додати тег
Немає тегів, Будьте першим, хто поставить тег для цього запису!
|
MARC
| LEADER | 00000nam a2200000 a 4500 | ||
|---|---|---|---|
| 001 | UCW2006 | ||
| 003 | CL-VaPUC | ||
| 008 | 900416e19890000CL |||||||||||||||||spa|d | ||
| 082 | 0 | 4 | |a 620.103 |b CAS |2 21 |
| 100 | 0 | |a Castillo Alvarez, Juan Patricio |e author |9 305967 | |
| 700 | |a Meriam, James L. |e autor |9 535784 | ||
| 245 | 1 | 0 | |a Solucionario problemas de estática |
| 300 | |a 84 p | ||
| 942 | |c BK | ||
| 945 | |d 19900416 00:00:00 | ||
| 260 | |a Valparaíso |b Universidad Católica de Valparaíso |c 1989 | ||
| 650 | 7 | |a ESTATICA PROBLEMAS, EJERCICIOS, ETC |2 CL-VaPUC |9 266351 | |
| 583 | |a last modification |c 19900416 00:00:00 |k Rodrigo Vera | ||
| 999 | |c 216676 |d 216674 | ||